| 000 | 00962nam a2200229Ia 4500 | ||
|---|---|---|---|
| 003 | Ost | ||
| 005 | 20260507075021.0 | ||
| 008 | 260507s9999||||xx |||||||||||||| ||und|| | ||
| 020 | _a1033429957 | ||
| 040 | _cfsecg | ||
| 041 | _aara | ||
| 082 | _a510 | ||
| 100 |
_aصبري ، عزام، _eمؤلف |
||
| 245 | 0 |
_aالرياضيات في الإحصاء والإحتمالات / _c عزام صبري |
|
| 260 |
_aعمان: _bدار صفاء للنشر والتوزيع, _c2002 |
||
| 300 |
_a176 صفحة؛ _bإيضاحات ؛ _c24 سم |
||
| 520 | _aمقاييس النزعة المركزية- مقاييس التشتت- التوزيع الطبيعي - المتغيرات العشوائية ذات البعد الواحد- الارتباط والانحدار-نظرية الاحتمالات | ||
| 653 | _aالإحتمالات | ||
| 653 | _aالإحصاء - المعاملات الإرتباطية | ||
| 653 | _aالرياضيات | ||
| 942 | _cكتاب | ||
| 999 |
_c42275 _d42275 |
||